Песни на русском по их описанию - Statistics

General Stats
  • This quiz has been taken 18 times
  • The average score is 4 of 15
Answer Stats
Описание Песня % Correct
Конюх в качестве мести решил накормить своих знакомых из числа мужиков не самым приятным блюдом Ели мясо мужики
75%
Опустившийся бездомный человек попрошайничает на улице, описывая свою собачью жизнь Бомж
69%
Молодая влюблённая пара селян не может встретиться друг с другом из-за прохудившейся зимней обуви Валенки
63%
Мужчина тяжело переживает расставание с женщиной в самом начале осени Третье сентября
44%
Взрослый хулиган, по сути дела, растлит ученицу средней школы, которая всячески старается ему лишь больше понравиться Восьмиклассница
38%
Высший военный офицер приезжает к простым солдатам и громогласно объясняет им, что война, в которой они участвуют, не принесёт никому ничего хорошего, и пора возвращаться домой обратно Поезд в огне
25%
Молодая семья хоть и скандалит в обычной российской квартире, всё равно испытывает глубокие чувства друг к другу Вахтёрам
19%
Лирический герой испытывает фантомную тоску по месту, где он никогда не бывал Гудбай, Америка!
13%
В спортивном бою мотивированного профессионального спортсмена внезапно для всех побеждает трус Песня о сентиментальном боксёре
6%
Девушка с тоской вспоминает свои юные годы в былой стране - времена, которые уже не воротишь Это было в России
6%
Мальчик-мажор временно живёт один и регулярно устраивает на квартире шумные вечеринки, однако это оборачивается тяжелейшими последствиями Хабибулин
6%
Два старых друга явно в возрасте встретились и решили это отметить, вспоминая былую буйную молодость Белая река
6%
Сомнительно просветлённый человек собирает в одном помещении людей для проведения неких духовных практик Песня гуру
6%
Влюблённая пара откровенных городских бездельников воспевает свой праздный образ жизни Я не шучу
6%
Советский солдат Второй мировой в тяжкие и суровые времена вспоминает о своей жене и маленьком ребёнке Тёмная ночь
6%
No matching quizzes found
Score Distribution
Percent of People with Each Score
Percentile by Number Answered
Your Score History
You have not taken this quiz